| 000 | 01404nam a2200349 a 4500 | ||
|---|---|---|---|
| 001 | ebr10113881 | ||
| 003 | CaPaEBR | ||
| 006 | m u | ||
| 007 | cr cn||||||||| | ||
| 008 | 040907s2004 bcc sb 001 0 eng | ||
| 010 | _z 2004445608 | ||
| 020 | _z0774810505 (bound) | ||
| 040 |
_aCaPaEBR _cCaPaEBR |
||
| 035 | _a(OCoLC)70717881 | ||
| 043 | _an-cn--- | ||
| 050 | 1 | 4 |
_aKE4239 _b.R52 2004eb |
| 100 | 1 |
_aRibeiro, Marc, _d1974- |
|
| 245 | 1 | 0 |
_aLimiting arbitrary power _h[electronic resource] : _bthe vagueness doctrine in Canadian constitutional law / _cMarc Ribeiro ; with a foreword by Antonio Lamer. |
| 260 |
_aVancouver : _bUBC Press, _cc2004. |
||
| 300 | _ax, 203 p. | ||
| 504 | _aIncludes bibliographical references and index. | ||
| 533 |
_aElectronic reproduction. _bPalo Alto, Calif. : _cebrary, _d2013. _nAvailable via World Wide Web. _nAccess may be limited to ebrary affiliated libraries. |
||
| 610 | 1 | 0 |
_aCanada. _tCanadian Charter of Rights and Freedoms. |
| 650 | 0 | _aLegal certainty. | |
| 650 | 0 |
_aRule of law _zCanada. |
|
| 650 | 0 |
_aJudicial review _zCanada. |
|
| 650 | 0 |
_aConstitutional law _zCanada. |
|
| 650 | 0 |
_aLaw _zCanada _xInterpretation and construction. |
|
| 655 | 7 |
_aElectronic books. _2local |
|
| 710 | 2 | _aebrary, Inc. | |
| 856 | 4 | 0 |
_uhttp://site.ebrary.com/lib/rucke/Doc?id=10113881 _zAn electronic book accessible through the World Wide Web; click to view |
| 999 |
_c105493 _d105493 |
||